Documento que describe y avalúa la casa de Doña María Josefa de Oviedo, para su venta (Record no. 4721)

MARC details
000 -CABECERA
campo de control de longitud fija 01422nam a2200313 a 4500
001 - NÚMERO DE CONTROL
campo de control BRCA_5027
005 - FECHA Y HORA DE LA ÚLTIMA TRANSACCIÓN
campo de control 20190320204917.0
008 - DATOS DE LONGITUD FIJA--INFORMACIÓN GENERAL
campo de control de longitud fija 031110s1783----mx-######v---#000-0#spa-#
041 ## - CÓDIGO DE LENGUA
Código de lengua del texto/banda sonora o título independiente spa
044 ## - CÓDIGO DEL PAÍS DE LA ENTIDAD EDITORA/PRODUCTORA
Código MARC del país mx
084 ## - OTRO NÚMERO DE CLASIFICACIÓN
Número de clasificación DOC92
Número de documento/Ítem .G37
-- 1783
100 1# - ENTRADA PRINCIPAL--NOMBRE DE PERSONA
Nombre de persona García de Torres, José Joaquín
9 (RLIN) 12832
245 10 - MENCIÓN DE TÍTULO
Título Documento que describe y avalúa la casa de Doña María Josefa de Oviedo, para su venta
Mención de responsabilidad, etc. José Joaquín García de Torres.
260 ## - PUBLICACIÓN, DISTRIBUCIÓN, ETC.
Lugar de publicación, distribución, etc. México
Fecha de publicación, distribución, etc. 1783
300 ## - DESCRIPCIÓN FÍSICA
Extensión [3] fojas
Dimensiones 31 x 21 cm.
500 ## - NOTA GENERAL
Nota general Documento firmado el 18 de diciembre de 1783.
500 ## - NOTA GENERAL
Nota general Documento que contiene el avaluó en
-- 4,800 y descripción de la casa de Doña María Josefa de Oviedo hecha por el arquitecto Don José Joaquín García de Torres.
500 ## - NOTA GENERAL
Nota general El documento contiene la leyenda DOC. #252.
500 ## - NOTA GENERAL
Nota general Papel con marca de agua.
500 ## - NOTA GENERAL
Nota general Estado de conservación: Tiene pequeñas lagunas provocadas por insectos y los márgenes deteriorados.
506 0# - NOTA DE RESTRICCIONES AL ACCESO
Limitaciones de acceso Fondo Reservado. Para su consulta es necesario credencial de usuario y carta de motivos.
546 ## - NOTA DE LENGUA/LENGUAJE
Nota de lengua/lenguaje Texto en: Español de finales del siglo XVIII.
600 14 - PUNTO DE ACCESO ADICIONAL DE MATERIA--NOMBRE DE PERSONA
Nombre de persona García de Torres, José Joaquín
Subdivisión general Historia
9 (RLIN) 12833
650 14 - PUNTO DE ACCESO ADICIONAL DE MATERIA--TÉRMINO DE MATERIA
Término de materia o nombre geográfico como elemento de entrada Compraventa de bienes raices
Subdivisión de forma Manuscritos
Subdivisión geográfica México
9 (RLIN) 12834
651 #4 - PUNTO DE ACCESO ADICIONAL DE MATERIA--NOMBRE GEOGRÁFICO
Nombre geográfico México
Subdivisión general Historia
Subdivisión cronológica Colonia, 1521-1821
9 (RLIN) 12461
700 1# - PUNTO DE ACCESO ADICIONAL--NOMBRE DE PERSONA
Nombre de persona Oviedo, María Josefa de
9 (RLIN) 12835
902 ## - CATALOGADOR
Iniciales FDH
942 ## - ELEMENTOS DE PUNTO DE ACCESO ADICIONAL (KOHA)
Fuente del sistema de clasificación o colocación Library of Congress Classification
Tipo de ítem Koha Documentos
Holdings
Estado de retiro Estado de pérdida Estado dañado No para préstamo Localización permanente Ubicación/localización actual Fecha de adquisición Total de préstamos Signatura topográfica completa Código de barras Fecha visto por última vez Precio válido a partir de Tipo de ítem Koha
El ejemplar forma parte de la colección y puede ser consultado según las políticas vigentes.       Biblioteca del Museo Franz Mayer (Rogerio Casas-Alatriste) Biblioteca del Museo Franz Mayer (Rogerio Casas-Alatriste) 03/11/2010   DOC92 .G37 1783 5122 22/03/2019 22/03/2019 Documentos